| 000 | 01725nam a2200277 a 4500 | ||
|---|---|---|---|
| 001 | 000014091 | ||
| 005 | 20200929163453.0 | ||
| 008 | 091204s2009 dr abd 001 0 spa d | ||
| 020 | _a9788461339907 | ||
| 040 |
_aDO-SdBNP _bspa _cBNPHU |
||
| 082 |
_a338.162 _bS586p |
||
| 100 | 1 |
_aSilva Guzmán, Henry _931897 |
|
| 245 | 1 | 0 |
_aOptimización de la fertilización mineral en cultivos de regadío de República Dominicana : _bestudio económico y fitotécnico de la fertilización mineral en las Juntas de Regentes de Pedernales, Baiguá, Las Matas de Santa Cruz y Esperanza / _cHenry Silva Guzmán, Fernando González Andrés y Beatriz Urbano López de Meneses. |
| 260 |
_aSanto Domingo : _bAECID-RD, _c2009. |
||
| 300 |
_a119 p. : _bil., mapas, retrs., tablas ; _c23 cm. |
||
| 502 | _aTesis (Doctorado) Universidad de Valladolid, España. | ||
| 504 | _aBibliografía: p. 117-119. | ||
| 505 | 0 |
_gIntroducción -- _tAntecedentes -- _tMétodos de investigación utilizados -- _tAnálisis de la variabilidad edafológica interzonal e intrazonal -- _tDeterminación e implementación por cultivos, de las necesidades de nutrientes a cubrir mediante fertilización mineral, según el grupo agrológico de pertenencia -- _tCostes de la fertilización actual frente a la recomendada, utilizando los productos que existen actualmente en el mercado -- _gBibliografía. |
|
| 590 | _aInventariado,2018/DG | ||
| 650 | 4 |
_aNutrición de cultivos _xInvestigaciones _931898 |
|
| 650 | 4 |
_aMineralización de nutrientes _931899 |
|
| 650 | 4 |
_aCultivos de regadío _zRepública Dominicana _931900 |
|
| 700 | 1 |
_aGonzález Andrés, Fernando _931901 |
|
| 700 | 1 |
_aUrbano López de Meneses, Beatriz _931902 |
|
| 910 | _aValidado. Control de calidad EMS | ||
| 999 |
_c13693 _d13693 |
||